Port systems in global competition : (Record no. 27535)

000 -LEADER
fixed length control field 04054cam a22005538i 4500
001 - CONTROL NUMBER
control field 9781003316657
003 - CONTROL NUMBER IDENTIFIER
control field FlBoTFG
005 - DATE AND TIME OF LATEST TRANSACTION
control field 20240802165151.0
006 - FIXED-LENGTH DATA ELEMENTS--ADDITIONAL MATERIAL CHARACTERISTICS
fixed length control field m o d
007 - PHYSICAL DESCRIPTION FIXED FIELD--GENERAL INFORMATION
fixed length control field cr |||||||||||
008 - FIXED-LENGTH DATA ELEMENTS--GENERAL INFORMATION
fixed length control field 230518s2024 enk ob 001 0 eng
020 ## - INTERNATIONAL STANDARD BOOK NUMBER
International Standard Book Number 9781003316657
Qualifying information (ebook)
International Standard Book Number 1003316654
International Standard Book Number 9781000918755
Qualifying information (electronic bk. : PDF)
International Standard Book Number 1000918750
Qualifying information (electronic bk. : PDF)
International Standard Book Number 9781000918786
Qualifying information (electronic bk. : EPUB)
International Standard Book Number 1000918785
Qualifying information (electronic bk. : EPUB)
Canceled/invalid ISBN 9781032327730
Qualifying information (hardback)
Canceled/invalid ISBN 9781032327778
Qualifying information (paperback)
024 7# - OTHER STANDARD IDENTIFIER
Standard number or code 10.4324/9781003316657
Source of number or code doi
035 ## - SYSTEM CONTROL NUMBER
System control number (OCoLC)1381093480
System control number (OCoLC-P)1381093480
040 ## - CATALOGING SOURCE
Original cataloging agency OCoLC-P
Language of cataloging eng
Description conventions rda
Transcribing agency OCoLC-P
050 00 - LIBRARY OF CONGRESS CALL NUMBER
Classification number HE551
072 #7 - SUBJECT CATEGORY CODE
Subject category code BUS
Subject category code subdivision 000000
Source bisacsh
Subject category code BUS
Subject category code subdivision 026000
Source bisacsh
Subject category code BUS
Subject category code subdivision 070100
Source bisacsh
Subject category code KNG
Source bicssc
082 00 - DEWEY DECIMAL CLASSIFICATION NUMBER
Classification number 387.1
Edition number 23/eng/202300601
245 00 - TITLE STATEMENT
Title Port systems in global competition :
Remainder of title spatial-economic perspectives on the co-development of seaports /
Statement of responsibility, etc. edited by César Ducruet and Theo Notteboom.
264 #1 - PRODUCTION, PUBLICATION, DISTRIBUTION, MANUFACTURE, AND COPYRIGHT NOTICE
Place of production, publication, distribution, manufacture Abingdon, Oxon ;
-- New York, NY :
Name of producer, publisher, distributor, manufacturer Routledge,
Date of production, publication, distribution, manufacture, or copyright notice 2024.
300 ## - PHYSICAL DESCRIPTION
Extent 1 online resource.
336 ## - CONTENT TYPE
Content type term text
Content type code txt
Source rdacontent
337 ## - MEDIA TYPE
Media type term computer
Media type code c
Source rdamedia
338 ## - CARRIER TYPE
Carrier type term online resource
Carrier type code cr
Source rdacarrier
490 1# - SERIES STATEMENT
Series statement Routledge Studies in Transport Analysis Series
520 ## - SUMMARY, ETC.
Summary, etc. "In a world where most international trade is carried by sea, each port can be seen as a unique chokepoint competing to attract ever more traffic and economic activities. However, ports can also be seen as parts of a wider system, which can be defined as a system of two or more ports located in proximity within a given area. Their fate and governance is jointly influenced when belonging to the same region, country, or transnational space. Investments, shocks, innovations, and delays occurring in one port often affect other ports within a certain spatial range and time lapse. Further understanding of such co-developments in port systems is necessary to go beyond local specificities, through a multidisciplinary and multi-level contribution. Port Systems in Global Competition is an answer to the strong and urgent need for reviewing the relevant theories, concepts, methods, and sources that can be mobilized for the analysis of port systems. With contributions from reputable scholars coming from no less than 11 countries in Europe, Asia, and North America, this book delves into the analysis of port systems from diverse disciplinary angles (geography, regional science, economics, management, engineering, and mathematics/computer sciences), and covering innovative empirical approaches to various port systems in the world. The theoretical and empirical knowledge can support and enhance decision-making in relation with the development of ports, supply chains, and transport networks in general. This book is an ideal companion to academics and upper-level students interested in the analysis of transport and economic systems in general, as well as the effective ways to answer complex issues in transportation and socio-economic development. It will be a valuable resource for those researching or studying transportation and supply chains, maritime and port economics, as well as regional development and human geography"--
Assigning source Provided by publisher.
588 ## - SOURCE OF DESCRIPTION NOTE
Source of description note OCLC-licensed vendor bibliographic record.
650 #0 - SUBJECT ADDED ENTRY--TOPICAL TERM
Topical term or geographic name entry element Harbors
General subdivision Economic aspects.
Topical term or geographic name entry element BUSINESS & ECONOMICS / General
Source of heading or term bisacsh
Topical term or geographic name entry element BUSINESS & ECONOMICS / Exports & Imports
Source of heading or term bisacsh
Topical term or geographic name entry element BUSINESS & ECONOMICS / Industries / Transportation
Source of heading or term bisacsh
700 1# - ADDED ENTRY--PERSONAL NAME
Personal name Ducruet, César,
Relator term editor.
Personal name Notteboom, Theo,
Relator term editor.
830 #0 - SERIES ADDED ENTRY--UNIFORM TITLE
Uniform title Routledge studies in transport analysis.
856 40 - ELECTRONIC LOCATION AND ACCESS
Materials specified Taylor & Francis
Uniform Resource Identifier <a href="https://www.taylorfrancis.com/books/9781003316657">https://www.taylorfrancis.com/books/9781003316657</a>
Materials specified OCLC metadata license agreement
Uniform Resource Identifier <a href="http://www.oclc.org/content/dam/oclc/forms/terms/vbrl-201703.pdf">http://www.oclc.org/content/dam/oclc/forms/terms/vbrl-201703.pdf</a>
942 ## - ADDED ENTRY ELEMENTS (KOHA)
Source of classification or shelving scheme
Koha item type E-Book

No items available.

Designed and Maintained by IMU-KC Library, Kolkata Campus © Copyright All Rights Reserved

webs counters

Powered by Koha